| 000 | 004200000a22001690004500 | ||
|---|---|---|---|
| 005 | 20120302054853.0 | ||
| 942 | _cBOOK | ||
| 245 | _a Shiv-Charitra Vruttasangraha | ||
| 260 | _aPune:Datto Waaman Potdaar,1941. | ||
| 300 | _a110p. | ||
| 490 | _aBharat Itihaas Sanshodhan Mandal Granthmaalaa-.53. | ||
| 040 | _aMAR | ||
| 365 | _b1.25/- | ||
| 650 | _aCharitra | ||
| 650 | _aShiv-Charitra | ||
| 650 | _aPharasi Vibhaga | ||
| 999 |
_c346833 _d346830 |
||